| 000 | 00655nam a2200193 i 4500 | ||
|---|---|---|---|
| 001 | 38643 | ||
| 003 | ES-MaACL | ||
| 005 | 20251013181143.0 | ||
| 007 | t| | ||
| 008 | 030226s1933 po ||||1| por d | ||
| 100 | 1 |
_aCamões, Luís de, _d1524?-1580 _9181622 |
|
| 245 | 1 | 3 |
_aOs Lusiadas / _cde Luis de Camoes ; anotados por Campos Monteiro (para uso das escolas) com uma biografía do poeta. |
| 250 | _a3ª ed. (melhorada). | ||
| 260 |
_aPorto : _bDomingos Barreira, _c1933 ( _fGouçalves e Nogueira) |
||
| 300 |
_a480 p. ; _c17 cm. |
||
| 700 | 1 |
_aMonteiro, Campos, _d1876-1933 _9154608 |
|
| 852 |
_aES-MaACL _jA-2769 |
||
| 999 |
_c38643 _d38643 |
||